| 000 | 00952nam a2200277 a 4500 | ||
|---|---|---|---|
| 001 | BRCA_2782 | ||
| 005 | 20190320203952.0 | ||
| 008 | 081208s1951----sw-a---###---#000-0#eng-u | ||
| 041 | _aeng | ||
| 044 | _asw | ||
| 050 | 4 |
_aN3540 _b.S87 1 _c1951 |
|
| 100 | 1 |
_aStrömbom, Sixten Georg Mauritz _97817 |
|
| 245 | 1 | 0 |
_aMasterpieces of the Swedish National Museum _cSixten Strömbom ; with a preface by Erik Wettergren ; translated from the Swedish by William Cameron. |
| 260 |
_aSuecia _bAlbert Bonnier _c1951 |
||
| 300 |
_a280 p. _bil. (algunas a color), 124 láminas _c31 cm. |
||
| 500 | _aIncluye índice alfabético de artistas | ||
| 500 | _aEjemplar igual a AA109 | ||
| 500 | _aAA93 | ||
| 650 | 1 | 4 |
_aPinturas _zEstocolmo _97818 |
| 650 | 1 | 4 |
_aGalerías y museos _zSuecia _97819 |
| 700 | 1 |
_aWettergren, Erik _97820 |
|
| 700 | 1 |
_aCameron, William _eTraductor _97821 |
|
| 710 | 2 |
_aNational Museum (Estocolmo) _97822 |
|
| 902 | _aGFM | ||
| 942 |
_2lcc _cB |
||
| 999 |
_c2522 _d2522 |
||